Assessing Language Ability in the Classroom

This second edition presents various principles for guiding teachers through the assessment process (dictation, close summary, oral interview, role-plays and portfolio assessment techniques).

Wedi'i Gadw mewn:
Manylion Llyfryddiaeth
Prif Awdur: Cohen, Andrew D.
Fformat: Llyfr
Iaith:Undetermined
Cyhoeddwyd: Boston Heinle & Heinle 1994
Pynciau:
Tagiau: Ychwanegu Tag
Dim Tagiau, Byddwch y cyntaf i dagio'r cofnod hwn!
Thư viện lưu trữ: Trung tâm Học liệu Trường Đại học Cần Thơ
LEADER 00738nam a2200205Ia 4500
001 CTU_172337
008 210402s9999 xx 000 0 und d
020 |c 1392160 
082 |a 428.0076 
082 |b C678 
100 |a Cohen, Andrew D. 
245 0 |a Assessing Language Ability in the Classroom 
245 0 |c Andrew D. Cohen 
260 |a Boston 
260 |b Heinle & Heinle 
260 |c 1994 
520 |a This second edition presents various principles for guiding teachers through the assessment process (dictation, close summary, oral interview, role-plays and portfolio assessment techniques). 
650 |a English language,Tiếng Anh 
904 |i mai, Hải 
980 |a Trung tâm Học liệu Trường Đại học Cần Thơ